Sensible World Airport Codes 2 - Statistics

General Stats
  • This quiz has been taken 309 times
  • The average score is 13 of 24
Answer Stats
Hint Answer % Correct
LUX Luxembourg
96%
HAM Hamburg
92%
TIJ Tijuana
86%
JED Jeddah
82%
GOT Gothenburg
77%
DUR Durban
72%
DUS Dusseldorf
72%
WRO Wrocław
65%
MED Medina
61%
FUK Fukuoka
58%
POZ Poznań
55%
AAL Aalborg
51%
TAS Tashkent
50%
UFA Ufa
49%
BRE Bremen
48%
EIN Eindhoven
48%
CAG Cagliari
45%
NAT Natal
41%
HER Heraklion
34%
VAR Varna
34%
ADA Adana
30%
BEL Belém
27%
HAI Haikou
20%
ERZ Erzurum
18%
No matching quizzes found
Score Distribution
Percent of People with Each Score
Percentile by Number Answered
Your Score History
You have not taken this quiz